Central Library OPAC University of Rajshahi

ইউটোপিয়া / (Record no. 49094)

MARC details
000 -LEADER
fixed length control field 01110nam a2200265 a 4500
001 - CONTROL NUMBER
control field 49094
003 - CONTROL NUMBER IDENTIFIER
rucl marc code BD-RjUL
005 - DATE AND TIME OF LATEST TRANSACTION
control field 20211209054632.0
008 - FIXED-LENGTH DATA ELEMENTS--GENERAL INFORMATION
fixed length control field 160817b1981 BG ||||| |||| 00| 0 ben d
020 ## - INTERNATIONAL STANDARD BOOK NUMBER
Terms of availability :TK. 18.00
035 ## - SYSTEM CONTROL NUMBER
System control number (BD-RjUL)49213
040 ## - CATALOGING SOURCE
Original cataloging agency BD-RjUL
Language of cataloging ben
Transcribing agency BD-RjUL
041 ## - LANGUAGE CODE
Language code of text/sound track or separate title ben
082 ## - DEWEY DECIMAL CLASSIFICATION NUMBER
Edition number 23
Classification number 335.02
Author mark and year MOU 1981
100 1# - MAIN ENTRY--PERSONAL NAME
Personal name মোর, টমাস
9 (RLIN) 147671
245 10 - TITLE STATEMENT
Title ইউটোপিয়া /
Statement of responsibility, etc. মোহাম্মদ দরবেশ আলী খান অনুবাদ ও সম্পাদনা
260 ## - PUBLICATION, DISTRIBUTION, ETC. (IMPRINT)
Place of publication, distribution, etc. ঢাকা :
Name of publisher, distributor, etc. বাংলা একাডেমী,
Date of publication, distribution, etc. ১৯৮১
300 ## - PHYSICAL DESCRIPTION
Pagination [৮], ১৮১ পৃ. ;
Size ২১ সেমি.
650 ## - SUBJECT ADDED ENTRY--TOPICAL TERM
Topical term or geographic name as entry element ইউটোপিয়া
9 (RLIN) 147672
Topical term or geographic name as entry element রাষ্ট্রবিজ্ঞান
Chronological subdivision ১৮০০ সালের পূর্বে
9 (RLIN) 147673
Topical term or geographic name as entry element Utopias
Chronological subdivision Early works to 1800.
9 (RLIN) 147674
Topical term or geographic name as entry element Political Science
9 (RLIN) 147675
700 ## - ADDED ENTRY--PERSONAL NAME
Personal name খান, মোহাম্মদ দরবেশ আলী, অনুবাদ ও সম্পাদনা
942 ## - ADDED ENTRY ELEMENTS (KOHA)
Source of classification or shelving scheme Dewey Decimal Classification
Koha item type Books
Holdings
Lost status Source of classification or shelving scheme Damaged status Not for loan Collection code Permanent Location Current Location Shelving location Date acquired Source of acquisition Cost, normal purchase price Total Checkouts Full call number Date last seen Copy number Koha item type
  Dewey Decimal Classification     Non-fiction Central Library, University of Rajshahi Central Library, University of Rajshahi   27/06/1990 Bangla Academy, Dhaka 18.00   B 335.02 MOU 1981 17/08/2016 C-2 Books
  Dewey Decimal Classification   Not For Loan Non-fiction Central Library, University of Rajshahi Central Library, University of Rajshahi Reading Room 29/12/1984 Dhaka : Bangla Academi     B 335.02 MOU 1981 13/07/2025 C-1 Books